000 00590nam a2200229 a 4500
999 _c567
_d567
001 567
003 BD-JhCC
005 20180305123937.0
008 171007s19681955enk |||| ||a| 001 0 eng d
035 _a(BD-JhCC)567
040 _aBD-JhCC
_dBD-JhCC
041 _aeng
082 _222
_a428.2407
_bGUR 1968
100 _aGurrey, P
245 _aTeaching English As a Foreign Language /
_cP Gurrey
260 _aLondon
_bLongmans Green and co Ltd.
_c1968
300 _a194 p. :
_c21 cm.
504 _aInclude bibliography
650 _aEnglish Language
942 _2ddc
_cBK